[Event "Mittelfranken-chTB2a 0809"]
[Site "Mittelfranken"]
[Date "2009.02.08"]
[Round "6.7"]
[White "Wissmeier, Thomas"]
[Black "Wagenfeld, Wladymyr"]
[Result "1-0"]
[WhiteElo "1854"]
[BlackElo "1693"]
[PlyCount "67"]
[EventDate "2008.10.12"]
[EventType "team"]
[EventRounds "9"]
[EventCountry "GER"]
[SourceTitle "EXT 2011"]
[Source "ChessBase"]
[SourceDate "2010.11.26"]
[SourceVersion "1"]
[SourceVersionDate "2010.11.26"]
[SourceQuality "1"]
[WhiteTeam "Nuernberg SK 1911"]
[BlackTeam "Nuernberg NT V"]
[WhiteTeamCountry "GER"]
[BlackTeamCountry "GER"]

1. e4 e6 2. Be2 d5 3. exd5 Qxd5 4. Nf3 Qd8 5. Nc3 c6 6. 0-0 Bd6 7. d4 b6 8. Ne4 Bc7 9. c4 Bb7 10. Qc2 Nd7 11. Bg5 Ngf6 12. Rad1 Qb8 13. Rfe1 Nxe4 14. Qxe4 h6 15. Bh4 Nf6 16. Bxf6 gxf6 17. d5 cxd5 18. cxd5 e5 19. Qf5 Ke7 20. Bb5 Bc8 21. Qc2 a6 22. Nd4 Bb7 23. Nf5+ Kf8 24. Bc6 Ra7 25. d6 Bd8 26. f4 Bxc6 27. Qxc6 Qb7 28. Qc2 Qd7 29. fxe5 fxe5 30. Rxe5 Ra8 31. Qe4 Rc8 32. Re8+ Qxe8 33. Qxe8+ Kxe8 34. d7+ 1-0

[Event "Mittelfranken-chTB2a 0809"]
[Site "Mittelfranken"]
[Date "2008.12.07"]
[Round "3.5"]
[White "Wissmeier, Thomas"]
[Black "Walter, Eugen"]
[Result "0-1"]
[WhiteElo "1864"]
[BlackElo "1898"]
[PlyCount "82"]
[EventDate "2008.10.12"]
[EventType "team"]
[EventRounds "9"]
[EventCountry "GER"]
[SourceTitle "EXT 2011"]
[Source "ChessBase"]
[SourceDate "2010.11.26"]
[SourceVersion "1"]
[SourceVersionDate "2010.11.26"]
[SourceQuality "1"]
[WhiteTeam "Nuernberg SK 1911"]
[BlackTeam "Forchheim III"]
[WhiteTeamCountry "GER"]
[BlackTeamCountry "GER"]

1. e4 e5 2. Nf3 f5 3. Nxe5 Qf6 4. Nc4 fxe4 5. Nc3 Qf7 6. d4 Nf6 7. Ne5 Qe6 8. Be2 d6 9. Nc4 d5 10. Nb5 Na6 11. Ne3 c6 12. Nc3 Nc7 13. h3 Bd6 14. Ng4 0-0 15. Nxf6+ Qxf6 16. 0-0 Ne6 17. Be3 Nf4 18. Bg4 Bxg4 19. Qxg4 h5 20. Qd1 Qg5 21. Bxf4 Qxf4 22. g3 Qg5 23. h4 Qf6 24. Qxh5 Qxd4 25. Rad1 Qe5 26. Qg4 Rf3 27. Ne2 Raf8 28. Nd4 R3f6 29. c3 Bc5 30. Kg2 Kh7 31. a3 Rg6 32. Qh3 Bxd4 33. cxd4 Qh5 34. Kh1 Qe2 35. Rde1 Qxb2 36. h5 Rgf6 37. g4 Rf3 38. Qg2 Qxd4 39. g5 Qe5 40. h6 Qf5 41. hxg7 Kxg7 0-1

[Event "Mittelfranken-chTB2a 0809"]
[Site "Mittelfranken"]
[Date "2008.10.26"]
[Round "2.7"]
[White "Kollitz, Alexander"]
[Black "Wissmeier, Thomas"]
[Result "1/2-1/2"]
[WhiteElo "1608"]
[BlackElo "1864"]
[PlyCount "43"]
[EventDate "2008.10.12"]
[EventType "team"]
[EventRounds "9"]
[EventCountry "GER"]
[SourceTitle "EXT 2011"]
[Source "ChessBase"]
[SourceDate "2010.11.26"]
[SourceVersion "1"]
[SourceVersionDate "2010.11.26"]
[SourceQuality "1"]
[WhiteTeam "Cadolzburg"]
[BlackTeam "Nuernberg SK 1911"]
[WhiteTeamCountry "GER"]
[BlackTeamCountry "GER"]

1. e4 e5 2. Nf3 d6 3. d4 exd4 4. Nxd4 Nf6 5. Nc3 Be7 6. Bc4 0-0 7. 0-0 Nbd7 8. Bf4 Nb6 9. Qd3 Nxc4 10. Qxc4 Nh5 11. Be3 Nf6 12. Rad1 Nxe4 13. Nxe4 d5 14. Qe2 dxe4 15. Ne6 Qxd1 16. Rxd1 Bxe6 17. Bf4 c6 18. Qxe4 Bc5 19. Be3 Bd5 20. Qd3 Bxe3 21. Qxe3 Rfe8 22. Qd3 1/2-1/2

[Event "Mittelfranken Mitte-ch 0708"]
[Site "Zirndorf"]
[Date "2008.01.19"]
[Round "7"]
[White "Hofer, Stefan1111"]
[Black "Wissmeier, Thomas"]
[Result "0-1"]
[WhiteElo "1433"]
[BlackElo "1766"]
[PlyCount "98"]
[EventDate "2008.01.04"]
[EventType "swiss"]
[EventRounds "7"]
[EventCountry "GER"]
[SourceTitle "EXT 2015"]
[Source "ChessBase"]
[SourceDate "2014.11.20"]
[SourceVersion "1"]
[SourceVersionDate "2014.11.20"]
[SourceQuality "1"]

1. e4 c6 2. d4 d5 3. Nc3 e6 4. e5 c5 5. Nf3 Nc6 6. Ne2 Qb6 7. c3 cxd4 8. Nexd4 Bc5 9. Qa4 Bd7 10. Bb5 Nge7 11. Nxc6 Bxf2+ 12. Ke2 Nxc6 13. b4 a6 14. Rf1 Qxb5+ 15. Qxb5 axb5 16. Kxf2 Ne7 17. Be3 0-0 18. Bc5 Rfe8 19. Bxe7 Rxe7 20. Nd4 Ree8 21. Ke3 Ra3 22. Kd3 Rea8 23. Rf2 Rc8 24. Nb3 Rc4 25. g3 b6 26. Rf4 Rxf4 27. gxf4 h6 28. h4 Ra8 29. Nd4 g6 30. Kc2 Kf8 31. Kb3 Ke7 32. Rg1 Rg8 33. Nf3 f6 34. h5 g5 35. fxg5 fxg5 36. Rg4 Be8 37. Nd4 Bxh5 38. Rg2 Be8 39. Nf3 g4 40. Nh4 h5 41. Rg3 Rf8 42. Rg1 Rf2 43. a4 bxa4+ 44. Ka3 Rc2 45. Rg3 Rh2 46. Ng6+ Bxg6 47. Kxa4 Be8+ 48. b5 Rh3 49. Rg1 Rxc3 0-1

[Event "Mittelfranken-ch QT 56th"]
[Site "Postbauer"]
[Date "2007.04.06"]
[Round "6"]
[White "Wissmeier, Thomas"]
[Black "Suess, Helmut"]
[Result "0-1"]
[WhiteElo "1736"]
[BlackElo "1845"]
[PlyCount "94"]
[EventDate "2007.04.04"]
[EventType "swiss"]
[EventRounds "7"]
[EventCountry "GER"]
[SourceTitle "EXT 2015"]
[Source "ChessBase"]
[SourceDate "2014.11.20"]
[SourceVersion "1"]
[SourceVersionDate "2014.11.20"]
[SourceQuality "1"]

1. e4 g6 2. d4 Bg7 3. c3 c6 4. f4 d5 5. e5 h5 6. Nf3 Bg4 7. Be2 Bxf3 8. Bxf3 e6 9. Be3 Nh6 10. Qd3 Qb6 11. b4 a5 12. Nd2 axb4 13. cxb4 0-0 14. a3 Nd7 15. 0-0 Qa6 16. Qxa6 Rxa6 17. a4 Rfa8 18. Bd1 Bf8 19. b5 cxb5 20. Be2 Rxa4 21. Rxa4 bxa4 22. Ra1 Nf5 23. Kf2 Bb4 24. Nf3 Bc3 25. Ra3 Bb2 26. Ra2 a3 27. h3 Nxe3 28. Kxe3 Nb6 29. Nd2 Bc1 30. Kd3 Bxd2 31. Kxd2 Nc4+ 32. Bxc4 dxc4 33. Kc3 Ra4 34. g4 hxg4 35. hxg4 Kf8 36. f5 gxf5 37. gxf5 exf5 38. d5 Ke7 39. Kd4 b6 40. Kc3 f4 41. Kd4 f3 42. d6+ Ke6 43. Ke3 Kxe5 44. d7 Ra8 45. Kxf3 Ke6 46. d8Q Rxd8 47. Ke4 Rd3 0-1

[Event "Mittelfrankenliga-B1 0607"]
[Site "Mittelfranken"]
[Date "2007.03.25"]
[Round "8.8"]
[White "Lechner, Hans Dieter"]
[Black "Wissmeier, Thomas"]
[Result "0-1"]
[WhiteElo "1760"]
[BlackElo "1744"]
[PlyCount "78"]
[EventDate "2006.10.22"]
[EventType "team-tourn"]
[EventRounds "9"]
[EventCountry "GER"]
[SourceTitle "EXT 2011"]
[Source "ChessBase"]
[SourceDate "2010.11.26"]
[SourceVersion "1"]
[SourceVersionDate "2010.11.26"]
[SourceQuality "1"]
[WhiteTeam "Bechhofen"]
[BlackTeam "Nuernberg SK 1911"]
[WhiteTeamCountry "GER"]
[BlackTeamCountry "GER"]

1. e4 e6 2. d4 Be7 3. Bd3 d6 4. Ne2 Nd7 5. c4 e5 6. Be3 Ngf6 7. f3 h6 8. d5 Nh5 9. Qd2 b6 10. Nbc3 Nc5 11. Bc2 Bh4+ 12. g3 Be7 13. 0-0-0 Bd7 14. f4 exf4 15. gxf4 Bf6 16. Rde1 Qe7 17. Nd4 Bxd4 18. Bxd4 0-0-0 19. Rhg1 Rhg8 20. e5 Qh4 21. Ne2 g6 22. Kb1 Bf5 23. Bxc5 Bxc2+ 24. Qxc2 dxc5 25. Qe4 Kb8 26. Ref1 Ng7 27. e6 fxe6 28. Rxg6 exd5 29. cxd5 Rge8 30. Qf3 Nf5 31. Ng3 Nd4 32. Qg2 Qe7 33. a3 Qe3 34. f5 Qd3+ 35. Ka2 c4 36. Re6 Qb3+ 37. Kb1 Nxe6 38. fxe6 Qd3+ 39. Ka1 Rxd5 0-1

[Event "Mittelfranken-ch QT 55th"]
[Site "Postbauer"]
[Date "2006.04.15"]
[Round "7"]
[White "Goetz, Dieter"]
[Black "Wissmeier, Thomas"]
[Result "1-0"]
[WhiteElo "1832"]
[BlackElo "1748"]
[PlyCount "39"]
[EventDate "2006.04.12"]
[EventType "swiss"]
[EventRounds "7"]
[EventCountry "GER"]
[SourceTitle "EXT 2015"]
[Source "ChessBase"]
[SourceDate "2014.11.20"]
[SourceVersion "1"]
[SourceVersionDate "2014.11.20"]
[SourceQuality "1"]

1. c4 e5 2. Nc3 c6 3. e4 d6 4. g3 Be7 5. Bg2 Bd7 6. Nge2 f5 7. d3 Nf6 8. 0-0 h5 9. exf5 h4 10. d4 Bxf5 11. dxe5 Ng4 12. Nd4 Bc8 13. exd6 Bxd6 14. Re1+ Kf8 15. Ne6+ Bxe6 16. Rxe6 hxg3 17. hxg3 Nxf2 18. Qxd6+ Qxd6 19. Rxd6 Ng4 20. Rd8+ 1-0

[Event "Mittelfranken-ch QT 55th"]
[Site "Postbauer"]
[Date "2006.04.14"]
[Round "5"]
[White "Diebel, Guenter"]
[Black "Wissmeier, Thomas"]
[Result "1/2-1/2"]
[WhiteElo "1685"]
[BlackElo "1748"]
[PlyCount "120"]
[EventDate "2006.04.12"]
[EventType "swiss"]
[EventRounds "7"]
[EventCountry "GER"]
[SourceTitle "EXT 2015"]
[Source "ChessBase"]
[SourceDate "2014.11.20"]
[SourceVersion "1"]
[SourceVersionDate "2014.11.20"]
[SourceQuality "1"]

1. e4 c5 2. Nf3 Nc6 3. Nc3 g6 4. d3 Bg7 5. Bd2 Nf6 6. Be2 d6 7. Qc1 h5 8. h3 Nd7 9. a3 Nde5 10. Nxe5 Nxe5 11. f4 Nc6 12. 0-0 f5 13. Bf3 Nd4 14. Nd5 e6 15. Ne3 Nxf3+ 16. Rxf3 Bd7 17. exf5 gxf5 18. Qe1 Bd4 19. Kh1 Bxe3 20. Qxe3 Qe7 21. Rg3 0-0-0 22. b4 Rhg8 23. Rg5 Rxg5 24. fxg5 e5 25. bxc5 dxc5 26. Re1 Re8 27. h4 Bc6 28. Bc3 e4 29. Qf2 Bd7 30. Bf6 Qd6 31. dxe4 fxe4 32. g3 e3 33. Rxe3 Qd1+ 34. Kh2 Rxe3 35. Qxe3 Qxc2+ 36. Kg1 Bc6 37. Qe6+ Kc7 38. Qe5+ Kb6 39. Qb2+ Qxb2 40. Bxb2 Kc7 41. Kf2 Kd6 42. Ke3 b5 43. Kf4 Bd7 44. g6 Ke7 45. Kg5 Bg4 46. Bf6+ Kf8 47. Kf4 a5 48. Ke4 a4 49. Kd5 b4 50. axb4 cxb4 51. Kc4 b3 52. Kb4 Bd1 53. Bb2 Bc2 54. g7+ Kf7 55. Kxa4 Bd1 56. Kb4 Bc2 57. Kc4 Bd1 58. Kd5 Bg4 59. Ke5 Bd1 60. Kf5 Kg8 1/2-1/2

[Event "Mittelfranken-ch QT 55th"]
[Site "Postbauer"]
[Date "2006.04.12"]
[Round "1"]
[White "Engel, Peter"]
[Black "Wissmeier, Thomas"]
[Result "0-1"]
[WhiteElo "1283"]
[BlackElo "1748"]
[PlyCount "84"]
[EventDate "2006.04.12"]
[EventType "swiss"]
[EventRounds "7"]
[EventCountry "GER"]
[SourceTitle "EXT 2015"]
[Source "ChessBase"]
[SourceDate "2014.11.20"]
[SourceVersion "1"]
[SourceVersionDate "2014.11.20"]
[SourceQuality "1"]

1. e4 c5 2. c4 Nc6 3. Nc3 g6 4. Nf3 Bg7 5. d3 d6 6. Be2 Nf6 7. 0-0 0-0 8. d4 Nxd4 9. Nxd4 cxd4 10. Qxd4 Ng4 11. Qd1 Ne5 12. Be3 Bd7 13. f4 Nc6 14. a3 f5 15. Rb1 fxe4 16. Nxe4 Bf5 17. Bd3 e5 18. b4 exf4 19. Bxf4 d5 20. Nc5 dxc4 21. Bxc4+ Kh8 22. Qxd8 Raxd8 23. Rbe1 Bd4+ 24. Be3 Bxe3+ 25. Rxe3 b6 26. Ne6 Bxe6 27. Rxf8+ Rxf8 28. Rxe6 Rc8 29. Bb5 Nd4 30. Re8+ Rxe8 31. Bxe8 Nc2 32. b5 Nxa3 33. Kf2 Kg7 34. Kf3 Kf6 35. Ke4 Ke7 36. Bc6 Kd6 37. Kd4 Nc2+ 38. Kc4 Ke5 39. h3 Nd4 40. Be8 Nf5 41. Bc6 g5 42. Bb7 Nd6+ 0-1

[Event "Mittelfrankenliga-B2a 0506"]
[Site "Germany"]
[Date "2005.10.16"]
[Round "1.7"]
[White "Wissmeier, Thomas"]
[Black "Laibold, Lorenz"]
[Result "1-0"]
[WhiteElo "1762"]
[BlackElo "1739"]
[PlyCount "91"]
[EventDate "2005.10.16"]
[EventType "team"]
[EventRounds "9"]
[EventCountry "GER"]
[SourceTitle "EXT 2007"]
[Source "ChessBase"]
[SourceDate "2006.11.23"]
[SourceVersion "1"]
[SourceVersionDate "2006.11.23"]
[SourceQuality "1"]

1. e4 c5 2. f4 d5 3. exd5 Qxd5 4. Nc3 Qd8 5. Nf3 Nf6 6. Be2 g6 7. 0-0 Bg7 8. d3 0-0 9. Kh1 Nc6 10. Be3 b6 11. Rb1 Bb7 12. Ne4 Nd5 13. Bd2 Qc7 14. f5 gxf5 15. Ng3 e6 16. Nh5 Ne5 17. Nxg7 Ng4 18. Nh5 Nde3 19. Bxe3 Nxe3 20. Qd2 f4 21. Nf6+ Kg7 22. Qc3 e5 23. Nh5+ Kh6 24. Qe1 Qd8 25. Qh4 Qxh4 26. Nxh4 Nxf1 27. Nf5+ Kg5 28. Nd6 Ne3 29. Nxb7 Nxc2 30. Nd6 Nd4 31. Ne4+ Kg6 32. Bd1 f5 33. Nf2 Rac8 34. b3 Rc6 35. h3 Kh6 36. g4 Rg8 37. gxf5 Rg5 38. Ng4+ Kxh5 39. Nxe5+ Kh4 40. Nxc6 Nxc6 41. f6 Kxh3 42. Bf3 Nd4 43. f7 Rf5 44. Bd5 Ne2 45. Be6 Ng3+ 46. Kg1 1-0

[Event "Mittelfranken-ch QT 52nd"]
[Site "Uttenreuth"]
[Date "2003.04.18"]
[Round "5"]
[White "Wissmeier, Thomas"]
[Black "Giebner, Thomas"]
[Result "1-0"]
[WhiteElo "1644"]
[BlackElo "1318"]
[PlyCount "97"]
[EventDate "2003.04.16"]
[EventType "swiss"]
[EventRounds "7"]
[EventCountry "GER"]
[SourceTitle "EXT 2015"]
[Source "ChessBase"]
[SourceDate "2014.11.20"]
[SourceVersion "1"]
[SourceVersionDate "2014.11.20"]
[SourceQuality "1"]

1. e4 e5 2. f4 d6 3. Nf3 Nf6 4. d3 Nc6 5. Be2 Be7 6. 0-0 Bg4 7. Nc3 exf4 8. Bxf4 Qd7 9. Ng5 Bxe2 10. Nxe2 Ne5 11. Bxe5 dxe5 12. Nf3 Bd6 13. c3 Qe7 14. Ng3 g6 15. Qb3 0-0-0 16. Qc2 Bc5+ 17. Kh1 Ng4 18. Nxe5 Ne3 19. Qe2 Nxf1 20. Rxf1 Rhf8 21. d4 Bd6 22. Ng4 Bxg3 23. hxg3 f5 24. Ne5 fxe4 25. Qg4+ Kb8 26. Rxf8 Rxf8 27. Nd7+ Ka8 28. Nxf8 Qxf8 29. Qxe4 Kb8 30. c4 Kc8 31. d5 Kd7 32. Qe6+ Kd8 33. b3 Qe7 34. Qxe7+ Kxe7 35. Kg1 Kd6 36. Kf2 c6 37. dxc6 Kxc6 38. Ke3 Kc5 39. a3 b5 40. cxb5 Kxb5 41. Kd4 a5 42. Kd5 a4 43. b4 h5 44. Ke6 g5 45. Ke5 Kc4 46. Kf5 g4 47. Kg5 Kb3 48. b5 Kxa3 49. b6 1-0

[Event "Mittelfranken-ch QT 52nd"]
[Site "Uttenreuth"]
[Date "2003.04.16"]
[Round "2"]
[White "Weissmann, Peter"]
[Black "Wissmeier, Thomas"]
[Result "1-0"]
[WhiteElo "1790"]
[BlackElo "1644"]
[PlyCount "71"]
[EventDate "2003.04.16"]
[EventType "swiss"]
[EventRounds "7"]
[EventCountry "GER"]
[SourceTitle "EXT 2015"]
[Source "ChessBase"]
[SourceDate "2014.11.20"]
[SourceVersion "1"]
[SourceVersionDate "2014.11.20"]
[SourceQuality "1"]

1. e4 c5 2. Nf3 Nc6 3. d4 cxd4 4. Nxd4 g6 5. Nxc6 bxc6 6. Qd4 f6 7. Bc4 e6 8. 0-0 Qb6 9. Qd3 Bh6 10. Nc3 Bxc1 11. Raxc1 Ne7 12. Na4 Qd8 13. Qd6 0-0 14. Rcd1 Qe8 15. Nc5 Kg7 16. Nxd7 Bxd7 17. Qxd7 e5 18. Qxe8 Rfxe8 19. Rd7 a5 20. Rfd1 Kh6 21. Bf7 f5 22. Bxe8 Rxe8 23. f3 fxe4 24. fxe4 Ng8 25. R7d6 Rb8 26. b3 Rb4 27. Re1 c5 28. Rc6 a4 29. Rxc5 axb3 30. cxb3 Nf6 31. Rxe5 Rd4 32. Re6 Nd7 33. e5 Nc5 34. Rd6 Rf4 35. e6 Ne4 36. Rd4 1-0

[Event "Mittelfranken-ch QT 51st"]
[Site "Zirndorf"]
[Date "2002.??.??"]
[Round "6"]
[White "Reuschl, Stefan"]
[Black "Wissmeier, Thomas"]
[Result "0-1"]
[WhiteElo "1572"]
[BlackElo "1574"]
[PlyCount "96"]
[EventDate "2002.03.27"]
[EventType "swiss"]
[EventRounds "7"]
[EventCountry "GER"]
[SourceTitle "EXT 2015"]
[Source "ChessBase"]
[SourceDate "2014.11.20"]
[SourceVersion "1"]
[SourceVersionDate "2014.11.20"]
[SourceQuality "1"]

1. e4 e5 2. Nf3 Bc5 3. Nxe5 Nc6 4. Nxc6 dxc6 5. Bc4 Bxf2+ 6. Kf1 Bb6 7. d3 Qd4 8. Qf3 Qf6 9. Bg5 Qxf3+ 10. gxf3 Bh3+ 11. Ke2 f6 12. Bd2 Ne7 13. Nc3 0-0-0 14. Na4 Bd4 15. c3 Be5 16. Nc5 Ng6 17. d4 Bf4 18. Ne6 Bxe6 19. Bxe6+ Kb8 20. Bb3 Bxd2 21. Kxd2 c5 22. d5 c6 23. c4 Rhe8 24. Bc2 Ne5 25. Kc3 Nxf3 26. Raf1 Ng5 27. Re1 Re5 28. h4 Nf7 29. h5 Rde8 30. Rhg1 Ng5 31. Rg4 h6 32. Rf1 Nxe4+ 33. Bxe4 Rxe4 34. Rxg7 Re3+ 35. Kd2 Re2+ 36. Kd1 Rxb2 37. Rxf6 a6 38. d6 Ree2 39. Rf8+ Ka7 40. d7 Rh2 41. Ra8+ Kxa8 42. d8Q+ Ka7 43. Kc1 Rxa2 44. Kb1 Rad2 45. Qxd2 Rxd2 46. Rg6 Rd4 47. Rxh6 Rxc4 48. Rh8 Kb6 0-1